LEADER 00973nam0-2200313---450- 001 990008139810403321 005 20111212140839.0 035 $a000813981 035 $aFED01000813981 035 $a(Aleph)000813981FED01 035 $a000813981 100 $a20050630d1971----km-y0itay50------ba 101 1 $aita 102 $aIT 105 $ay---n----00yy 200 1 $a<>sacco di Roma$equadro generale$fdi André Piganiol$gtesti di Ammiano Marcellino ... [et al.]$gtraduzione di R. Pela 210 $aNovara$cIstituto geografico De Agostini$dstampa 1971 215 $a419 p.$d21 cm 225 1 $aTestimonianze storiche 676 $a945.63206$v19$zita 700 1$aPiganiol,$bAndré$f<1883-1968>$0401452 702 0$aAmmianus Marcellinus$f<330-395> 801 0$aIT$bUNINA$gRICA$2UNIMARC 901 $aBK 912 $a990008139810403321 952 $aDDR-XX Db 054$b1189 ddr$fDDR$m21-7213 959 $aDDR 996 $aSacco di Roma$9268431 997 $aUNINA LEADER 00977nam0-22003611i-450- 001 990003788540403321 005 20051114113708.0 010 $a88-7989-238-X 035 $a000378854 035 $aFED01000378854 035 $a(Aleph)000378854FED01 035 $a000378854 100 $a20030910d1996----km-y0itay50------ba 101 0 $aita 105 $ay-------001yy 200 1 $aInternet$eavviso ai naviganti$fAlberto Berretti e Vittorio Zambardino 205 $an. ed. 210 $aRoma$cDonzelli$d©1996 215 $aviii, 112 p.$d18 cm 225 1 $aInterventi$v29 610 0 $aMezzi di comunicazione elettronici 610 0 $aInternet 676 $a302.234 676 $a004.6 700 1$aBerretti,$bAlberto$0382068 701 1$aZambardino,$bVittorio$0143903 801 0$aIT$bUNINA$gRICA$2UNIMARC 901 $aBK 912 $a990003788540403321 952 $a302.234 BER 1$b5747$fBFS 959 $aBFS 996 $aInternet$9506399 997 $aUNINA